Cujo

Guardado en:
Detalles Bibliográficos
Autor principal: King, Stephen (autor)
Formato: Libro
Lenguaje:español
Publicado: Santiago Grijalbo 1998
Colección:Colección grijalbo Pocket
Materias:
Etiquetas: Agregar Etiqueta
Sin Etiquetas, Sea el primero en etiquetar este registro!

MARC

LEADER 00000nam a2200000 a 4500
001 UCP3287
003 CL-VaPUC
008 990618e19980000CL |||||||||||||||||spa|d
082 0 4 |a 813  |b KIN  |2 21 
100 |a King, Stephen  |e autor  |9 592661 
245 1 0 |a Cujo 
300 |a 393 p 
942 |c BK 
945 |d 19990618 00:00:00  |a rbrito 
260 |a Santiago  |b Grijalbo  |c 1998 
650 0 |a Novelas estadounidenses  |9 265217 
583 |a last modification  |c 19990618 00:00:00  |k Rodrigo Vera 
490 0 |a Colección grijalbo Pocket 
999 |c 281656  |d 281654 
952 |0 0  |1 0  |4 0  |6 813_000000000000000_KIN_1998  |7 0  |8 A  |9 322568  |a BIBCUR  |b BIBCUR  |d 2019-11-20  |i 3531872  |l 4  |o 813 KIN 1998  |p 3531872  |r 2025-04-22  |s 2025-03-11  |w 2019-11-20  |y BK  |k PER